The philosophical life: (Record no. 34345)

000 -LEADER
fixed length control field 00425nam a22001451a 4500
020 ## - INTERNATIONAL STANDARD BOOK NUMBER
ISBN 9781851688593
082 ## - DEWEY DECIMAL CLASSIFICATION NUMBER
Classification number 109.2
Item number JAM/P
100 ## - MAIN ENTRY--AUTHOR NAME
Personal name James Miller
245 ## - TITLE STATEMENT
Title The philosophical life:
Sub Title twelve great thinkers and the search for wisdom from Socrates to Nietzsche/
Statement of responsibility, etc by James Miller
260 ## - PUBLICATION, DISTRIBUTION, ETC. (IMPRINT)
Place of publication Oxford:
Name of publisher Oneworld,
Year of publication 2011.
300 ## - PHYSICAL DESCRIPTION
Number of Pages 422p.
650 ## - SUBJECT ADDED ENTRY--TOPICAL TERM
Topical Term Biography Philosopher
650 ## - SUBJECT ADDED ENTRY--TOPICAL TERM
Topical Term Philosophy
942 ## - ADDED ENTRY ELEMENTS (KOHA)
Koha item type Book
Holdings
Withdrawn status Lost status Damaged status Not for loan Permanent Location Current Location Date acquired Cost, normal purchase price Full call number Accession Number Cost, replacement price Price effective from Koha item type
        Sree Sankaracharya University of Sanskrit Sree Sankaracharya University of Sanskrit 08.01.2015 699.00 109.2 JAM/P 070207 0.00 08.01.2015 Book